[Event "Madrid-ch Previa-B"]
[Site "Madrid"]
[Date "2025.01.31"]
[Round "2.7"]
[White "Martin Cantizano, David"]
[Black "Hurtado Garrido, Reyes"]
[Result "0-1"]
[WhiteElo "1900"]
[BlackElo "1803"]
[PlyCount "166"]
[GameId "2140242052681865"]
[EventDate "2025.01.30"]
[EventType "swiss"]
[EventRounds "9"]
[EventCountry "ESP"]

1. e4 e6 2. d4 d5 3. Nc3 Nf6 4. e5 Nfd7 5. f4 c5 6. Nf3 Nc6 7. Be3 Qb6 8. Na4 Qa5+ 9. c3 cxd4 10. b4 Qc7 11. Nxd4 a6 12. Qd2 b5 13. Nb2 Nxd4 14. Qxd4 Bb7 15. Be2 Rc8 16. Rc1 Be7 17. O-O f6 18. Bg4 Qc6 19. Bh3 O-O 20. Nd3 f5 21. Nb2 Bd8 22. Kf2 Bb6 23. Qd2 Bxe3+ 24. Qxe3 Qb6 25. g3 Qxe3+ 26. Kxe3 Rc7 27. Rf2 Rfc8 28. Kd4 Nb6 29. Bf1 Kf7 30. Rfc2 Ke7 31. Be2 g6 32. h3 Nc4 33. Bxc4 dxc4 34. Ke3 Ra8 35. a4 Rd7 36. Rd2 Rxd2 37. Kxd2 Rd8+ 38. Ke3 Be4 39. a5 h5 40. Rd1 Bc2 41. Rxd8 Kxd8 42. Kd2 Be4 43. Nd1 Bg2 44. Nf2 Kd7 45. Ke3 Kc6 46. g4 fxg4 47. hxg4 h4 48. f5 exf5 49. Kf4 h3 50. Kg3 f4+ 51. Kh2 Kd5 52. g5 Kxe5 53. Ng4+ Kf5 54. Nf6 f3 55. Kg3 Kxg5 56. Ne4+ Kh6 57. Nc5 Kg5 58. Nxa6 f2 59. Kxf2 Kf4 60. Nc5 g5 61. Ne6+ Kf5 62. Nd4+ Kf4 63. Ne6+ Kf5 64. Nd4+ Kg4 65. a6 Be4 66. Kg1 Kg3 67. Ne2+ Kh4 68. Kh2 g4 69. a7 Ba8 70. Ng3 Kg5 71. Ne2 Kf5 72. Kg3 Ke4 73. Nd4 Ke3 74. Nf5+ Kd3 75. Nd6 Kxc3 76. Nxb5+ Kxb4 77. Nc7 Bb7 78. Ne6 c3 79. Nd4 Kc4 80. Nf5 Kb3 81. Nd6 Bg2 82. Nf5 c2 83. Ne3 Ba8 0-1

[Event "Madrid-ch Previa-B"]
[Site "Madrid"]
[Date "2025.01.31"]
[Round "2.8"]
[White "Pena Hernandez, Francisco Javier"]
[Black "Metola Arias, Mario"]
[Result "1/2-1/2"]
[WhiteElo "1899"]
[BlackElo "1799"]
[PlyCount "53"]
[GameId "2140244636041370"]
[EventDate "2025.01.30"]
[EventType "swiss"]
[EventRounds "9"]
[EventCountry "ESP"]

1. e4 e5 2. Nf3 Nc6 3. Bb5 Nf6 4. O-O Nxe4 5. Re1 Nd6 6. Bxc6 dxc6 7. Rxe5+ Be7 8. Qe1 Be6 9. Nd4 Bd7 10. d3 c5 11. Nb3 b6 12. Nc3 Be6 13. Bf4 O-O 14. Rd1 Bf6 15. Re2 Re8 16. Qd2 c6 17. Bxd6 Qxd6 18. Ne4 Qd8 19. c3 Bd5 20. Rde1 Bxe4 21. Rxe4 Rxe4 22. Rxe4 Qd7 23. Qe3 Rd8 24. d4 cxd4 25. Nxd4 Bxd4 26. Rxd4 Qc8 27. Qd3 1/2-1/2

[Event "Madrid-ch Previa-B"]
[Site "Madrid"]
[Date "2025.01.31"]
[Round "2.9"]
[White "Veiga Macias, Rodrigo"]
[Black "Garcia Chacon, David"]
[Result "1/2-1/2"]
[WhiteElo "1832"]
[BlackElo "1890"]
[PlyCount "81"]
[GameId "2140245610614952"]
[EventDate "2025.01.30"]
[EventType "swiss"]
[EventRounds "9"]
[EventCountry "ESP"]

1. e4 c5 2. Nf3 g6 3. c4 Nc6 4. d4 cxd4 5. Nxd4 d6 6. Be3 Nf6 7. Nc3 Ng4 8. Nxc6 bxc6 9. Bc1 Qb6 10. Qc2 Rb8 11. h3 Nf6 12. Be2 Bg7 13. Rb1 O-O 14. O-O Nd7 15. Be3 Qa5 16. Rfd1 Nb6 17. b4 Qe5 18. Bd4 Qg5 19. Qd2 Qxd2 20. Rxd2 Bxd4 21. Rxd4 c5 22. bxc5 dxc5 23. Rdd1 Ba6 24. Nd5 Bxc4 25. Bxc4 Nxc4 26. Nxe7+ Kg7 27. Nc6 Rxb1 28. Rxb1 Nd2 29. Re1 Rc8 30. Nxa7 Ra8 31. Re2 Nxe4 32. Rxe4 Rxa7 33. Rc4 Rxa2 34. Rxc5 Ra4 35. g3 Rb4 36. h4 h5 37. Kg2 Rb3 38. Rc2 Rb4 39. f3 Rb3 40. Rf2 Rc3 41. Kh2 1/2-1/2

[Event "Madrid-ch Previa-B"]
[Site "Madrid"]
[Date "2025.01.31"]
[Round "2.10"]
[White "Godoy Herrera, Carlos"]
[Black "Calderon Rojo, Borja"]
[Result "1/2-1/2"]
[WhiteElo "1806"]
[BlackElo "1887"]
[PlyCount "91"]
[GameId "2140246450081974"]
[EventDate "2025.01.30"]
[EventType "swiss"]
[EventRounds "9"]
[EventCountry "ESP"]

1. d4 Nc6 2. Bf4 d6 3. Nf3 Bf5 4. c3 Nf6 5. e3 g6 6. h3 Bg7 7. Nbd2 O-O 8. g4 Bc8 9. e4 Nd7 10. Bg3 e5 11. d5 Ne7 12. g5 Nc5 13. Qc2 a5 14. Be2 Bd7 15. a4 f5 16. gxf6 Bxf6 17. Bb5 Bxb5 18. axb5 Qd7 19. c4 Bg7 20. Ke2 Bh6 21. Nb3 Nxb3 22. Qxb3 b6 23. Qd3 Rae8 24. Raf1 Nf5 25. b3 Qf7 26. Rhg1 Re7 27. Bh4 Ree8 28. Bg5 Bg7 29. Be3 h6 30. Bd2 Qf6 31. Rg4 Nd4+ 32. Nxd4 exd4 33. Rfg1 Qxf2+ 34. Kd1 Rf3 35. Qe2 g5 36. Qxf2 Rxf2 37. h4 Rf7 38. hxg5 hxg5 39. Bxg5 Kf8 40. Bh4 Re5 41. Kd2 Rh5 42. R1g2 Rh8 43. R2g3 Be5 44. Rg2 Rf3 45. Kc2 Rf7 46. Bg3 1/2-1/2

[Event "Madrid-ch Previa-B"]
[Site "Madrid"]
[Date "2025.01.31"]
[Round "2.11"]
[White "Cardena Contreras, Javier"]
[Black "Fernandez Rodriguez, Diego"]
[Result "1/2-1/2"]
[WhiteElo "1883"]
[BlackElo "1614"]
[PlyCount "87"]
[GameId "2140247491354820"]
[EventDate "2025.01.30"]
[EventType "swiss"]
[EventRounds "9"]
[EventCountry "ESP"]

1. e4 d5 2. exd5 Qxd5 3. Nc3 Qa5 4. d4 Nf6 5. Nf3 c6 6. Bd2 Bf5 7. Bc4 e6 8. Nd5 Qd8 9. Nxf6+ Qxf6 10. O-O Bd6 11. Bc3 Qg6 12. Nh4 Qg4 13. Nxf5 Qxf5 14. Qe2 Nd7 15. Bd3 Qg5 16. g3 O-O 17. f4 Qe7 18. Rae1 Rae8 19. Qf3 Bb4 20. f5 Bxc3 21. bxc3 e5 22. Qe4 f6 23. Bc4+ Kh8 24. Be6 exd4 25. cxd4 Nb6 26. Qh4 Qb4 27. Re4 Qd2 28. Rfe1 Rd8 29. R1e2 Qd1+ 30. Kg2 Rxd4 31. Qg4 Rxe4 32. Qxe4 Qd8 33. a4 Re8 34. a5 Nd5 35. a6 Nc3 36. Qc4 Nxe2 37. axb7 Qb8 38. Qxc6 Nd4 39. Qd7 Rd8 40. Qe7 Nxe6 41. fxe6 Re8 42. Qd7 Rxe6 43. Qxe6 Qxb7+ 44. Kh3 1/2-1/2

[Event "Madrid-ch Previa-B"]
[Site "Madrid"]
[Date "2025.01.31"]
[Round "2.12"]
[White "Rollano Carcajona, Ruben"]
[Black "Mata Medina, Andres"]
[Result "1-0"]
[WhiteElo "1801"]
[BlackElo "1871"]
[PlyCount "91"]
[GameId "2140250736722130"]
[EventDate "2025.01.30"]
[EventType "swiss"]
[EventRounds "9"]
[EventCountry "ESP"]

1. d4 d5 2. c4 e6 3. Nc3 Nf6 4. Nf3 Nbd7 5. cxd5 exd5 6. Bg5 Be7 7. e3 O-O 8. Be2 a6 9. O-O b5 10. Qb3 Nb6 11. Ne5 Bb7 12. Rac1 Nfd7 13. Bxe7 Qxe7 14. Nxd7 Qxd7 15. Rfe1 Nc4 16. Qc2 Rac8 17. Bd3 f5 18. Ne2 Qf7 19. b3 Nd6 20. Ng3 g6 21. Re2 h5 22. Qd1 h4 23. Nf1 Kg7 24. Nd2 Qf6 25. Nf3 Nf7 26. Rec2 c6 27. Qd2 g5 28. a4 g4 29. Ne1 Kh8 30. Qe2 Rg8 31. axb5 cxb5 32. Rc5 Qg5 33. Qc2 Rxc5 34. dxc5 Bc8 35. Qc3+ Kh7 36. Qd4 Be6 37. b4 Qg6 38. Ra1 Ng5 39. Rxa6 Nh3+ 40. Kf1 Nxf2 41. Ra7+ Bf7 42. Kxf2 g3+ 43. hxg3 Qxg3+ 44. Kf1 Rg7 45. Bxf5+ Kh8 46. Rxf7 1-0

[Event "Madrid-ch Previa-B"]
[Site "Madrid"]
[Date "2025.01.31"]
[Round "2.13"]
[White "Del Castillo Izquierdo, Jose"]
[Black "Gomez Lorenzo, Alvaro 2012"]
[Result "1/2-1/2"]
[WhiteElo "1867"]
[BlackElo "1483"]
[PlyCount "108"]
[GameId "2140251908362468"]
[EventDate "2025.01.30"]
[EventType "swiss"]
[EventRounds "9"]
[EventCountry "ESP"]

1. d4 Nf6 2. Nf3 d5 3. c4 e6 4. Nc3 Bb4 5. Bg5 c6 6. e3 h6 7. Bh4 Nbd7 8. Bd3 Qc7 9. O-O O-O 10. Qc2 Re8 11. Bg3 Bd6 12. cxd5 exd5 13. Nb5 cxb5 14. Qxc7 Bxc7 15. Bxc7 a6 16. a4 bxa4 17. Rxa4 Re6 18. Ne5 Nxe5 19. Bxe5 Bd7 20. Rfa1 Rc8 21. b4 Rc3 22. Bf5 Rec6 23. b5 axb5 24. Ra8+ Rc8 25. Rxc8+ Rxc8 26. Bxd7 Nxd7 27. Bg3 Nb6 28. Rb1 Na4 29. f3 Nc3 30. Rb3 Kf8 31. Be1 Na4 32. Rxb5 Rc1 33. Kf2 Nc3 34. Bxc3 Rxc3 35. Rxb7 Rc2+ 36. Kg3 Rc3 37. Rd7 Rxe3 38. Rxd5 Ke7 39. Re5+ Rxe5 40. dxe5 Ke6 41. Kf4 f6 42. exf6 Kxf6 43. h4 g6 44. Kg4 Ke5 45. h5 g5 46. g3 Ke6 47. f4 gxf4 48. Kxf4 Kf6 49. g4 Ke6 50. Ke3 Kf6 51. Kf4 Ke6 52. g5 hxg5+ 53. Kxg5 Kf7 54. Kh6 Kf6 1/2-1/2

[Event "Madrid-ch Previa-B"]
[Site "Madrid"]
[Date "2025.01.31"]
[Round "2.14"]
[White "Alberca Sanchez, Jose Miguel"]
[Black "Galarreta Santana, Javier"]
[Result "0-1"]
[WhiteElo "1572"]
[BlackElo "1865"]
[PlyCount "112"]
[GameId "2140252986405108"]
[EventDate "2025.01.30"]
[EventType "swiss"]
[EventRounds "9"]
[EventCountry "ESP"]

1. d4 e6 2. Nf3 Nf6 3. Bf4 b5 4. e3 a6 5. Nbd2 Bb7 6. Bd3 c5 7. c3 d5 8. O-O c4 9. Bc2 Bd6 10. Bxd6 Qxd6 11. Ne5 Nc6 12. f4 Qc7 13. Qf3 O-O-O 14. e4 Kb8 15. Rae1 b4 16. Nxc6+ Bxc6 17. e5 Ne8 18. cxb4 Qb6 19. Qc3 Nc7 20. a4 Kc8 21. f5 Rhf8 22. fxe6 Nxe6 23. Nf3 Kd7 24. Ra1 Rb8 25. a5 Qxb4 26. Ra2 Rb7 27. Qxb4 Rxb4 28. Rf2 Rfb8 29. Bd1 Ke7 30. g3 h6 31. Kf1 Bd7 32. Rd2 Nd8 33. Ng1 Bf5 34. Ne2 Bd3 35. Ke1 Bxe2 36. Kxe2 Ne6 37. h4 g5 38. hxg5 Nxg5 39. g4 Ne4 40. Rc2 Rb3 41. Kf1 c3 42. bxc3 Nxc3 43. Rd2 Rb1 44. Rac2 Rxd1+ 45. Rxd1 Nxd1 46. Ke2 Nb2 47. Rc7+ Ke8 48. Rc6 Nc4 49. Rxa6 Rb5 50. Rxh6 Rxa5 51. e6 Ra2+ 52. Kf3 Ra3+ 53. Kf4 Re3 54. exf7+ Kxf7 55. g5 Re4+ 56. Kf5 Ne3# 0-1

[Event "Madrid-ch Previa-B"]
[Site "Madrid"]
[Date "2025.01.31"]
[Round "2.16"]
[White "Palomo Monserrat, Lorenzo"]
[Black "Senador Gomez Jaen, Julio"]
[Result "1-0"]
[WhiteElo "1949"]
[BlackElo "1796"]
[PlyCount "51"]
[GameId "2140255514464530"]
[EventDate "2025.01.30"]
[EventType "swiss"]
[EventRounds "9"]
[EventCountry "ESP"]

1. d4 Nf6 2. c4 e6 3. Nc3 d5 4. cxd5 exd5 5. Bg5 Be7 6. e3 Bf5 7. Bxf6 Bxf6 8. Qb3 Be6 9. Qxb7 Nd7 10. Nxd5 Rb8 11. Nxc7+ Ke7 12. Qxa7 Kd6 13. Qa3+ Kxc7 14. Rc1+ Nc5 15. Qxc5+ Kd7 16. Bb5+ Rxb5 17. Qxb5+ Ke7 18. Nf3 Bd7 19. Qc5+ Ke8 20. O-O Be7 21. Qa7 Bd6 22. Ne5 Be6 23. Qa4+ Kf8 24. d5 Bxd5 25. Nc6 Qd7 26. Qa8+ 1-0

[Event "Madrid-ch Previa-B"]
[Site "Madrid"]
[Date "2025.01.31"]
[Round "2.17"]
[White "Perdiguero Herreros, Alejandro"]
[Black "Castro Contreras, Bruno"]
[Result "0-1"]
[WhiteElo "1924"]
[BlackElo "1731"]
[PlyCount "62"]
[GameId "2140256635912480"]
[EventDate "2025.01.30"]
[EventType "swiss"]
[EventRounds "9"]
[EventCountry "ESP"]

1. d4 d5 2. c4 e6 3. Nc3 Nf6 4. cxd5 exd5 5. Bg5 Be7 6. e3 c6 7. Bd3 O-O 8. Qc2 h6 9. Bh4 Re8 10. Nge2 b6 11. O-O Ba6 12. f3 c5 13. Rad1 Bxd3 14. Qxd3 Nc6 15. Qb5 Nb4 16. Bxf6 gxf6 17. e4 a6 18. Qa4 b5 19. Qa3 Nc2 20. Qb3 Ne3 21. Nxd5 Nxd1 22. Rxd1 cxd4 23. Nxd4 Bc5 24. Qe3 Qxd5 25. Kh1 Bxd4 26. Rxd4 Qc5 27. b4 Qc2 28. h4 Rac8 29. Kh2 Qc1 30. Rd2 Rc2 31. Rxc2 Qxe3 0-1

[Event "Madrid-ch Previa-B"]
[Site "Madrid"]
[Date "2025.01.31"]
[Round "2.18"]
[White "Tereso Silva, Luis"]
[Black "Quiros Florea, Rafael Santiago"]
[Result "1-0"]
[WhiteElo "1890"]
[BlackElo "1660"]
[PlyCount "63"]
[GameId "2140257327087918"]
[EventDate "2025.01.30"]
[EventType "swiss"]
[EventRounds "9"]
[EventCountry "ESP"]

1. d4 Nf6 2. Bf4 d5 3. e3 Bf5 4. h3 e6 5. Nf3 Bd6 6. Bd3 Bxd3 7. Qxd3 Bxf4 8. exf4 Nbd7 9. Nbd2 O-O 10. Ne5 c5 11. c3 Rc8 12. O-O Nxe5 13. fxe5 Nd7 14. f4 cxd4 15. cxd4 Nb6 16. b3 Qc7 17. Rac1 Qxc1 18. Rxc1 Rxc1+ 19. Kh2 Rfc8 20. Nf3 a6 21. Qd2 R8c3 22. f5 exf5 23. Qg5 Rc8 24. Qxf5 h6 25. e6 f6 26. Qg6 R8c7 27. Qe8+ Kh7 28. Qd8 Nc8 29. Qxd5 Re7 30. Qe4+ Kh8 31. Nh4 Nd6 32. Qf4 1-0

[Event "Madrid-ch Previa-B"]
[Site "Madrid"]
[Date "2025.01.31"]
[Round "2.20"]
[White "Corral Aragon, Juan Maria"]
[Black "Neill, Christopher John"]
[Result "0-1"]
[WhiteElo "1861"]
[BlackElo "1557"]
[PlyCount "78"]
[GameId "2140263108575562"]
[EventDate "2025.01.30"]
[EventType "swiss"]
[EventRounds "9"]
[EventCountry "ESP"]

1. e4 Nc6 2. d4 e5 3. d5 Nce7 4. Be3 Ng6 5. g3 Nf6 6. f3 Bb4+ 7. Nd2 O-O 8. c3 Be7 9. c4 c5 10. b4 cxb4 11. c5 d6 12. cxd6 Bxd6 13. Nc4 h6 14. Rc1 Ne8 15. Nxd6 Nxd6 16. h4 f5 17. h5 Ne7 18. Qd2 fxe4 19. Bxh6 exf3 20. Bxg7 f2+ 21. Kd1 fxg1=Q 22. Rxg1 Kxg7 23. Qg5+ Kh7 24. Qxe5 Bg4+ 25. Ke1 Nef5 26. Kd2 Qg5+ 27. Qf4 Qxf4+ 28. gxf4 Bxh5 29. Bd3 Kh6 30. Rg5 Nh4 31. Rc7 Nf3+ 32. Ke3 Rf7 33. Rxh5+ Kxh5 34. Rc1 Kg4 35. Be2 Nf5+ 36. Kf2 N5d4 37. Rg1+ Kxf4 38. Rg3 Ke4 39. Rg4+ Kxd5 0-1

[Event "Madrid-ch Previa-B"]
[Site "Madrid"]
[Date "2025.01.31"]
[Round "2.21"]
[White "Bastos Perez Cuadrado, Carlos"]
[Black "Neill Rodriguez, John"]
[Result "1-0"]
[WhiteElo "1822"]
[BlackElo "1554"]
[PlyCount "77"]
[GameId "2140264773460312"]
[EventDate "2025.01.30"]
[EventType "swiss"]
[EventRounds "9"]
[EventCountry "ESP"]

1. e4 e5 2. Nf3 Nc6 3. Bc4 Bc5 4. d3 h6 5. Nbd2 Nf6 6. h3 d6 7. c3 O-O 8. g4 d5 9. Bb3 Be6 10. g5 hxg5 11. Nxg5 Qd7 12. Qf3 dxe4 13. Ndxe4 Nxe4 14. dxe4 Bxb3 15. Qh5 Rfd8 16. axb3 g6 17. Qh7+ Kf8 18. Qh6+ Kg8 19. O-O Qe8 20. b4 Bb6 21. Nh7 Rd6 22. Bg5 f5 23. Nf6+ Rxf6 24. Bxf6 Kf7 25. Qg7+ Ke6 26. b5 Qf7 27. bxc6 Qxf6 28. Qxf6+ Kxf6 29. cxb7 Rb8 30. exf5 gxf5 31. Kg2 Rxb7 32. Rh1 Kg5 33. Rad1 c6 34. Rd6 Rc7 35. h4+ Kh5 36. Rf6 Kg4 37. h5 Rh7 38. Rg6+ Kf4 39. Rh4# 1-0

[Event "Madrid-ch Previa-B"]
[Site "Madrid"]
[Date "2025.01.31"]
[Round "2.22"]
[White "Garcia Tanjala, Marko"]
[Black "Valentin Lopez, Miguel"]
[Result "1-0"]
[WhiteElo "1822"]
[BlackElo "1550"]
[PlyCount "59"]
[GameId "2140266178498918"]
[EventDate "2025.01.30"]
[EventType "swiss"]
[EventRounds "9"]
[EventCountry "ESP"]

1. e4 e5 2. Nf3 Nc6 3. Bb5 d6 4. h3 a6 5. Bxc6+ bxc6 6. d4 exd4 7. Qxd4 Be6 8. Bg5 Nf6 9. Nc3 Be7 10. O-O O-O 11. Rad1 Rb8 12. b3 c5 13. Qd3 Re8 14. Qxa6 Rb4 15. e5 Ne4 16. Bxe7 Qxe7 17. Nxe4 Rxe4 18. exd6 cxd6 19. Qxd6 Qf6 20. Qc6 Bxh3 21. Qxf6 gxf6 22. gxh3 Kh8 23. Rfe1 Rg8+ 24. Kf1 Rf4 25. Ng1 Rf5 26. Rd3 Rgg5 27. Ne2 Kg7 28. h4 Rg6 29. Ng3 Rf4 30. Nh5+ 1-0

[Event "Madrid-ch Previa-B"]
[Site "Madrid"]
[Date "2025.01.31"]
[Round "2.23"]
[White "Fernandez Rodriguez, Juan"]
[Black "Solera Diaz, Manuel"]
[Result "1-0"]
[WhiteElo "1818"]
[BlackElo "1473"]
[PlyCount "78"]
[GameId "2140269759959412"]
[EventDate "2025.01.30"]
[EventType "swiss"]
[EventRounds "9"]
[EventCountry "ESP"]

1. d4 d5 2. f4 f6 3. Nf3 Nc6 4. e3 a6 5. c3 Bg4 6. Be2 e6 7. O-O Bd6 8. Qe1 f5 9. Qg3 Nf6 10. Bd3 Nh5 11. Qf2 Nf6 12. Ne5 Ne7 13. Nd2 O-O 14. c4 Ne4 15. Bxe4 fxe4 16. Nxg4 dxc4 17. Nxc4 Qd7 18. Nge5 Bxe5 19. Nxe5 Qd6 20. Qc2 Nc6 21. Qxe4 Nxe5 22. Qxe5 Qxe5 23. fxe5 Rxf1+ 24. Kxf1 Rc8 25. Bd2 Rd8 26. Rc1 c6 27. Ba5 Rd5 28. Rc5 Rd7 29. Ke2 Kf7 30. Bb6 Kg6 31. a4 Kf5 32. Rc1 Ke4 33. Rf1 a5 34. Bxa5 b6 35. Bxb6 Rb7 36. a5 h6 37. Rf8 g6 38. Rc8 Kd5 39. Kd3 g5 1-0

[Event "Madrid-ch Previa-B"]
[Site "Madrid"]
[Date "2025.01.31"]
[Round "2.24"]
[White "Duran Rodriguez, Adriana"]
[Black "Caballero Sanchez, Francisco"]
[Result "1/2-1/2"]
[WhiteElo "1494"]
[BlackElo "1775"]
[PlyCount "66"]
[GameId "2140347982061678"]
[EventDate "2025.01.30"]
[EventType "swiss"]
[EventRounds "9"]
[EventCountry "ESP"]

1. e4 c5 2. Nf3 d6 3. d4 cxd4 4. Nxd4 Nf6 5. Nc3 a6 6. Be3 e5 7. Nb3 Be6 8. Be2 Be7 9. Qd2 Nbd7 10. f3 h5 11. Nd5 Bxd5 12. exd5 Rc8 13. Rc1 a5 14. a3 b6 15. c4 h4 16. Bd3 Nh7 17. g3 Ng5 18. Qf2 hxg3 19. Qxg3 Rh3 20. Qg2 Rxf3 21. Bxg5 Rxd3 22. Bxe7 Qxe7 23. Nd2 Qh4+ 24. Ke2 Qd4 25. Rc2 Qe3+ 26. Kd1 Nc5 27. Re1 Qh6 28. Qg4 Rc7 29. Qe2 e4 30. b4 axb4 31. axb4 Qf6 32. bxc5 Qa1+ 33. Rc1 Qa4+ 1/2-1/2

[Event "Madrid-ch Previa-B"]
[Site "Madrid"]
[Date "2025.02.01"]
[Round "3.1"]
[White "Clavero Alarcon, Jose Miguel"]
[Black "Lorenzo Martin, Hector"]
[Result "0-1"]
[WhiteElo "1822"]
[BlackElo "1981"]
[PlyCount "64"]
[GameId "2140803158377072"]
[EventDate "2025.01.30"]
[EventType "swiss"]
[EventRounds "9"]
[EventCountry "ESP"]

1. e4 e6 2. d4 d5 3. exd5 exd5 4. c4 Nf6 5. Nf3 Bb4+ 6. Nc3 O-O 7. Be2 dxc4 8. O-O Bxc3 9. bxc3 b5 10. a4 c6 11. Ne5 Bb7 12. Bf3 Nd5 13. Qc2 Nd7 14. Bg5 f6 15. Be4 Nxe5 16. Bxh7+ Kh8 17. dxe5 fxg5 18. Rae1 Qa5 19. e6 Qxc3 20. Qb1 Qb3 21. e7 Rfe8 22. Qg6 Qd3 23. Re4 Nf6 24. Qxg5 Nxh7 25. Qh4 c5 26. Re3 Qd5 27. Rg3 b4 28. f4 Qd4+ 29. Kh1 Qf6 30. Qh5 Qxe7 31. f5 Qe2 32. Kg1 Qxh5 0-1

[Event "Madrid-ch Previa-B"]
[Site "Madrid"]
[Date "2025.02.01"]
[Round "3.2"]
[White "Hurtado Garrido, Reyes"]
[Black "Tereso Martin, Antonio"]
[Result "0-1"]
[WhiteElo "1803"]
[BlackElo "1962"]
[PlyCount "54"]
[GameId "2141683096744096"]
[EventDate "2025.01.30"]
[EventType "swiss"]
[EventRounds "9"]
[EventCountry "ESP"]

1. d4 d6 2. c4 e5 3. dxe5 dxe5 4. Qxd8+ Kxd8 5. Nf3 f6 6. Nc3 Be6 7. b3 c6 8. g3 Kc7 9. Bg2 Bb4 10. Bd2 a5 11. O-O Na6 12. Ne4 Bf5 13. Nc3 Nc5 14. Nh4 Bg4 15. f3 Be6 16. g4 Ne7 17. Ne4 Bxd2 18. Nxd2 g5 19. Nf5 Bxf5 20. gxf5 Nxf5 21. Kf2 Rad8 22. Rfd1 Nd4 23. e3 Nd3+ 24. Kf1 Nc2 25. Ke2 Nxa1 26. Rxa1 Nc5 27. a3 Rxd2+ 0-1

[Event "Madrid-ch Previa-B"]
[Site "Madrid"]
[Date "2025.02.01"]
[Round "3.3"]
[White "Galarreta Santana, Javier"]
[Black "Quiroga Andres, Carlos"]
[Result "1/2-1/2"]
[WhiteElo "1865"]
[BlackElo "1841"]
[PlyCount "48"]
[GameId "2141682485641342"]
[EventDate "2025.01.30"]
[EventType "swiss"]
[EventRounds "9"]
[EventCountry "ESP"]

1. d4 Nf6 2. c4 g6 3. g3 Bg7 4. Bg2 O-O 5. Nf3 d6 6. O-O Nbd7 7. Nc3 e5 8. e4 Re8 9. d5 Nc5 10. Qc2 a5 11. Be3 Bd7 12. Bxc5 dxc5 13. a4 Bf8 14. Nd2 b6 15. Rad1 Qc8 16. Nb5 Bd6 17. Rfe1 Bh3 18. Bh1 Nh5 19. Qb3 Qd8 20. Qe3 Bd7 21. b3 Bxb5 22. cxb5 Be7 23. Nc4 Bd6 24. Kf1 Qe7 1/2-1/2

[Event "Madrid-ch Previa-B"]
[Site "Madrid"]
[Date "2025.02.01"]
[Round "3.5"]
[White "San Vicente Crespo, Pablo"]
[Black "Baeza Escudero, Javier"]
[Result "1-0"]
[WhiteElo "1812"]
[BlackElo "1974"]
[PlyCount "67"]
[GameId "2141684027048111"]
[EventDate "2025.01.30"]
[EventType "swiss"]
[EventRounds "9"]
[EventCountry "ESP"]

1. e4 e5 2. Nf3 Nc6 3. Bc4 Bc5 4. d3 d6 5. Nc3 a6 6. a4 Nf6 7. Be3 Bxe3 8. fxe3 Qe7 9. O-O Nd8 10. Qe1 O-O 11. Nh4 c6 12. Nf5 Bxf5 13. Rxf5 Rc8 14. Qg3 Ne6 15. Raf1 Kh8 16. Ba2 b5 17. Qh4 b4 18. Ne2 Nc5 19. Ng3 b3 20. Rh5 Nxh5 21. Qxe7 Nxg3 22. hxg3 bxa2 23. Qxd6 Ne6 24. Qa3 c5 25. c3 c4 26. dxc4 Ng5 27. Qxa2 Nxe4 28. Kh2 Rc6 29. Qa3 Rh6+ 30. Kg1 Kg8 31. Qe7 Nxg3 32. Rf3 Rh1+ 33. Kf2 e4 34. Rxg3 1-0

[Event "Madrid-ch Previa-B"]
[Site "Madrid"]
[Date "2025.02.01"]
[Round "3.6"]
[White "Cabanas Bravo, Juan Andres"]
[Black "Veiga Macias, Rodrigo"]
[Result "1/2-1/2"]
[WhiteElo "1931"]
[BlackElo "1832"]
[PlyCount "117"]
[GameId "2141685810942142"]
[EventDate "2025.01.30"]
[EventType "swiss"]
[EventRounds "9"]
[EventCountry "ESP"]

1. e4 c5 2. Nf3 d6 3. Bc4 Nf6 4. e5 dxe5 5. Nxe5 e6 6. Qe2 Bd6 7. f4 Bxe5 8. fxe5 Nfd7 9. Qg4 O-O 10. d4 cxd4 11. Bf4 Nc6 12. Qg3 Ndxe5 13. Bb3 Ng6 14. Bd6 Re8 15. h4 e5 16. Ba3 Be6 17. Nd2 Bxb3 18. Nxb3 Na5 19. Nd2 e4 20. h5 Nf8 21. O-O-O Rc8 22. h6 g6 23. Rhe1 e3 24. Nb3 Nxb3+ 25. axb3 Qb6 26. Kb1 Rcd8 27. Rd3 Qa5 28. Qh4 Qe5 29. Rexe3 Qxe3 30. Rxe3 dxe3 31. Qf6 Ne6 32. Qe5 Rd1+ 33. Ka2 Re1 34. Bc5 Rd8 35. Bxe3 Red1 36. b4 R1d5 37. Qc3 R5d6 38. Kb3 Rc6 39. Qe5 f6 40. Qb5 Rd7 41. Bxa7 Nf4 42. g3 Ne6 43. c3 Ng5 44. Be3 Ne4 45. g4 Kf7 46. Qa4 Nd2+ 47. Bxd2 Rxd2 48. Qa8 Rd7 49. Qh8 Ke6 50. b5 Rcd6 51. Qc8 Ke5 52. c4 b6 53. c5 Rd3+ 54. Kc2 Rd2+ 55. Kb1 bxc5 56. Qxc5+ R2d5 57. Qc3+ Ke6 58. Qc6+ Ke5 59. Qc3+ 1/2-1/2

[Event "Madrid-ch Previa-B"]
[Site "Madrid"]
[Date "2025.02.01"]
[Round "3.7"]
[White "Metola Arias, Mario"]
[Black "Marin Lopez, Juan Jose"]
[Result "0-1"]
[WhiteElo "1799"]
[BlackElo "1907"]
[PlyCount "66"]
[GameId "2141688515543248"]
[EventDate "2025.01.30"]
[EventType "swiss"]
[EventRounds "9"]
[EventCountry "ESP"]

1. e4 Nf6 2. e5 Nd5 3. c4 Nb6 4. d4 d6 5. exd6 cxd6 6. Nf3 g6 7. Be2 Bg7 8. O-O O-O 9. h3 Nc6 10. Be3 Bf5 11. Qd2 d5 12. b3 dxc4 13. bxc4 Be4 14. Rd1 Bxf3 15. Bxf3 Nxc4 16. Qe2 Nxe3 17. fxe3 e6 18. Na3 Rb8 19. Rab1 Qe7 20. Nc4 Rfd8 21. Rdc1 Nb4 22. Qd2 Nd5 23. Bxd5 exd5 24. Na5 Bh6 25. Re1 Re8 26. Kf2 Qh4+ 27. Kg1 Qg3 28. Rb3 Re4 29. Nxb7 Rbe8 30. Kh1 Rxd4 31. Qxd4 Qxe1+ 32. Kh2 Bxe3 33. Qg4 Bg1+ 0-1

[Event "Madrid-ch Previa-B"]
[Site "Madrid"]
[Date "2025.02.01"]
[Round "3.8"]
[White "Castro Contreras, Bruno"]
[Black "Pena Hernandez, Francisco Javier"]
[Result "0-1"]
[WhiteElo "1731"]
[BlackElo "1899"]
[PlyCount "36"]
[GameId "2141690059358431"]
[EventDate "2025.01.30"]
[EventType "swiss"]
[EventRounds "9"]
[EventCountry "ESP"]

1. e4 c6 2. d4 d5 3. e5 Bf5 4. h4 h6 5. g4 Bh7 6. e6 fxe6 7. Bd3 Nf6 8. Nf3 Qd6 9. Ne5 Nbd7 10. Bf4 Qb4+ 11. c3 Qxb2 12. f3 Nxe5 13. dxe5 Bxd3 14. Qxd3 Nd7 15. Rh2 Qxa1 16. Kd1 d4 17. c4 Nc5 18. Qa3 Qxb1+ 0-1

[Event "Madrid-ch Previa-B"]
[Site "Madrid"]
[Date "2025.02.01"]
[Round "3.9"]
[White "Garcia Chacon, David"]
[Black "Godoy Herrera, Carlos"]
[Result "1/2-1/2"]
[WhiteElo "1890"]
[BlackElo "1806"]
[PlyCount "42"]
[GameId "2140543462973559"]
[EventDate "2025.01.30"]
[EventType "swiss"]
[EventRounds "9"]
[EventCountry "ESP"]

1. d4 Nf6 2. Bg5 g6 3. Nf3 d5 4. Bxf6 exf6 5. Nbd2 Bg7 6. e3 O-O 7. c4 c6 8. cxd5 cxd5 9. Bd3 Re8 10. O-O f5 11. b4 Nd7 12. Nb3 Nf6 13. Rc1 Qd6 14. b5 Ne4 15. a4 b6 16. Nbd2 Bd7 17. Qb3 Rac8 18. Bb1 f4 19. Ba2 fxe3 20. fxe3 Bh6 21. Rxc8 Rxc8 1/2-1/2